| 000 | 00787nam a2200205 a 4500 | ||
|---|---|---|---|
| 001 | BRCA_747 | ||
| 005 | 20190320203131.0 | ||
| 008 | 911022s1988 mx-a---##b---f001-0#spa-d | ||
| 020 | _a9688160857 | ||
| 050 | 4 |
_aF1386 _b.D57 17 _c1988 |
|
| 100 | 1 |
_aMacedo, Miguel S. _d1856-1929 _92473 |
|
| 245 | 1 | 0 |
_aMi barrio _bensayo histórico _cMiguel S. Macedo. |
| 260 |
_aMéxico _bDepartamento del Distrito Federal : Secretaría General de Desarrollo Social : Comité Interno de Ediciones Gubernamentales _c1988 |
||
| 300 |
_a91 p. _bil. _c21 cm. |
||
| 440 | 0 |
_aColección Distrito Federal _v17 _92474 |
|
| 500 | _aIncluye índice analítico, índice alfabético e índice de láminas | ||
| 650 | 1 | 4 |
_aCalles _zMéxico _92475 |
| 651 | 4 |
_aCiudad de México _xDescripción y viajes _92418 |
|
| 942 |
_2lcc _cB |
||
| 999 |
_c646 _d646 |
||